000 00857cam a2200241 a 4500
001 4696158
005 20250314182643.0
008 820322s1983 paua b 001 0 eng
020 _a0061414298
050 1 0 _aRM700
_b.K43 1983
082 0 0 _a616.7/062
_219
100 1 _aKessler, Randolph M.
245 1 0 _aManagement of common musculoskeletal disorders :
_bphysical therapy principles and methods /
_cRandolph M. Kessler, Darlene Hertling ; illustrations by Elizabeth Kessler.
260 _aPhiladelphia :
_bHarper & Row,
_cc1983.
300 _axiv, 557 p. :
_bill. ;
_c25 cm.
650 0 _aPhysical therapy.
650 0 _aMusculoskeletal system
_xDiseases
_xPatients
_xRehabilitation.
650 2 _aMuscular diseases
_xTherapy.
650 2 _aBone diseases
_xTherapy.
650 2 _aPhysical therapy.
700 1 _aHertling, Darlene.
942 _2lcc
_cBK
_n0
999 _c4820
_d4820